| 000 | 00639cam a22001934a 4500 | ||
|---|---|---|---|
| 020 | _a1875093443 | ||
| 040 | _cDLC | ||
| 082 | 0 | 0 | _a615 BRI 2004 C155 Or. |
| 100 | 1 | _aVan Wyk, Ben-Erik. | |
| 245 | 1 | 0 |
_aMedicinal plants of the world : _ban illustrated scientific guide to important medicinal plants and their uses / |
| 250 | _a1st ed. | ||
| 260 |
_aPretoria, South Africa : _bBriza Pub., _c2004. |
||
| 300 |
_a480 p. : _bill. (some col.) ; _c25 cm. |
||
| 650 | 0 | _aMedicinal plants. | |
| 650 | 0 | _aMateria medica, Vegetable. | |
| 700 | 1 | _aWink, Michael. | |
| 856 | 4 | 1 | _uhttp://www.loc.gov/catdir/toc/fy045/2004377998.html |
| 942 | _cAEDBB | ||
| 999 |
_c18833 _d18833 |
||